<?xml version="1.0" encoding="UTF-8"?>
<collection xmlns="http://www.loc.gov/MARC21/slim">
 <record>
  <leader>02028nam a2200265   4500</leader>
  <controlfield tag="001">NCT_2822</controlfield>
  <controlfield tag="008">171008b        xxu||||| |||| 00| 0 vie d</controlfield>
  <datafield tag="999" ind1=" " ind2=" ">
   <subfield code="c">147</subfield>
   <subfield code="d">147</subfield>
  </datafield>
  <datafield tag="020" ind1=" " ind2=" ">
   <subfield code="c">50000</subfield>
  </datafield>
  <datafield tag="082" ind1="0" ind2="4">
   <subfield code="2">23rd ed.</subfield>
   <subfield code="a">616.07548 </subfield>
   <subfield code="b">Ph557</subfield>
  </datafield>
  <datafield tag="100" ind1="1" ind2=" ">
   <subfield code="a">Lê Văn Phước</subfield>
  </datafield>
  <datafield tag="245" ind1="1" ind2="0">
   <subfield code="a">Cộng hưởng từ cột sống</subfield>
   <subfield code="c">Lê Văn Phước</subfield>
  </datafield>
  <datafield tag="260" ind1=" " ind2=" ">
   <subfield code="a">H.</subfield>
   <subfield code="b">Y học</subfield>
   <subfield code="c">2011</subfield>
  </datafield>
  <datafield tag="942" ind1=" " ind2=" ">
   <subfield code="2">ddc</subfield>
   <subfield code="c">BK</subfield>
  </datafield>
  <datafield tag="952" ind1=" " ind2=" ">
   <subfield code="0">0</subfield>
   <subfield code="1">0</subfield>
   <subfield code="2">ddc</subfield>
   <subfield code="4">0</subfield>
   <subfield code="6">616_075480000000000_PH557</subfield>
   <subfield code="7">0</subfield>
   <subfield code="9">635</subfield>
   <subfield code="a">000001</subfield>
   <subfield code="b">000001</subfield>
   <subfield code="d">2017-10-09</subfield>
   <subfield code="o">616.07548  Ph557</subfield>
   <subfield code="p">MD.00433</subfield>
   <subfield code="r">2017-10-09</subfield>
   <subfield code="v">50000.00</subfield>
   <subfield code="w">2017-10-09</subfield>
   <subfield code="y">BK</subfield>
  </datafield>
  <datafield tag="952" ind1=" " ind2=" ">
   <subfield code="0">0</subfield>
   <subfield code="1">0</subfield>
   <subfield code="2">ddc</subfield>
   <subfield code="4">0</subfield>
   <subfield code="6">616_075480000000000_PH557</subfield>
   <subfield code="7">0</subfield>
   <subfield code="9">636</subfield>
   <subfield code="a">000001</subfield>
   <subfield code="b">000001</subfield>
   <subfield code="d">2017-10-09</subfield>
   <subfield code="o">616.07548  Ph557</subfield>
   <subfield code="p">MD.00434</subfield>
   <subfield code="r">2017-10-09</subfield>
   <subfield code="v">50000.00</subfield>
   <subfield code="w">2017-10-09</subfield>
   <subfield code="y">BK</subfield>
  </datafield>
  <datafield tag="952" ind1=" " ind2=" ">
   <subfield code="0">0</subfield>
   <subfield code="1">0</subfield>
   <subfield code="2">ddc</subfield>
   <subfield code="4">0</subfield>
   <subfield code="6">616_075480000000000_PH557</subfield>
   <subfield code="7">0</subfield>
   <subfield code="9">637</subfield>
   <subfield code="a">000001</subfield>
   <subfield code="b">000001</subfield>
   <subfield code="d">2017-10-09</subfield>
   <subfield code="o">616.07548  Ph557</subfield>
   <subfield code="p">MD.00435</subfield>
   <subfield code="r">2017-10-09</subfield>
   <subfield code="v">50000.00</subfield>
   <subfield code="w">2017-10-09</subfield>
   <subfield code="y">BK</subfield>
  </datafield>
  <datafield tag="952" ind1=" " ind2=" ">
   <subfield code="0">0</subfield>
   <subfield code="1">0</subfield>
   <subfield code="2">ddc</subfield>
   <subfield code="4">0</subfield>
   <subfield code="6">616_075480000000000_PH557</subfield>
   <subfield code="7">0</subfield>
   <subfield code="9">638</subfield>
   <subfield code="a">000001</subfield>
   <subfield code="b">000001</subfield>
   <subfield code="d">2017-10-09</subfield>
   <subfield code="o">616.07548  Ph557</subfield>
   <subfield code="p">MD.00436</subfield>
   <subfield code="r">2017-10-09</subfield>
   <subfield code="v">50000.00</subfield>
   <subfield code="w">2017-10-09</subfield>
   <subfield code="y">BK</subfield>
  </datafield>
  <datafield tag="952" ind1=" " ind2=" ">
   <subfield code="0">0</subfield>
   <subfield code="1">0</subfield>
   <subfield code="2">ddc</subfield>
   <subfield code="4">0</subfield>
   <subfield code="6">616_075480000000000_PH557</subfield>
   <subfield code="7">0</subfield>
   <subfield code="9">639</subfield>
   <subfield code="a">000001</subfield>
   <subfield code="b">000001</subfield>
   <subfield code="d">2017-10-09</subfield>
   <subfield code="o">616.07548  Ph557</subfield>
   <subfield code="p">MD.00437</subfield>
   <subfield code="r">2017-10-09</subfield>
   <subfield code="v">50000.00</subfield>
   <subfield code="w">2017-10-09</subfield>
   <subfield code="y">BK</subfield>
  </datafield>
  <datafield tag="952" ind1=" " ind2=" ">
   <subfield code="0">0</subfield>
   <subfield code="1">0</subfield>
   <subfield code="2">ddc</subfield>
   <subfield code="4">0</subfield>
   <subfield code="6">616_075480000000000_PH557</subfield>
   <subfield code="7">0</subfield>
   <subfield code="9">640</subfield>
   <subfield code="a">000001</subfield>
   <subfield code="b">000001</subfield>
   <subfield code="d">2017-10-09</subfield>
   <subfield code="o">616.07548  Ph557</subfield>
   <subfield code="p">MD.00438</subfield>
   <subfield code="r">2017-10-09</subfield>
   <subfield code="v">50000.00</subfield>
   <subfield code="w">2017-10-09</subfield>
   <subfield code="y">BK</subfield>
  </datafield>
  <datafield tag="952" ind1=" " ind2=" ">
   <subfield code="0">0</subfield>
   <subfield code="1">0</subfield>
   <subfield code="2">ddc</subfield>
   <subfield code="4">0</subfield>
   <subfield code="6">616_075480000000000_PH557</subfield>
   <subfield code="7">0</subfield>
   <subfield code="9">641</subfield>
   <subfield code="a">000001</subfield>
   <subfield code="b">000001</subfield>
   <subfield code="d">2017-10-09</subfield>
   <subfield code="o">616.07548  Ph557</subfield>
   <subfield code="p">MD.00439</subfield>
   <subfield code="r">2017-10-09</subfield>
   <subfield code="v">50000.00</subfield>
   <subfield code="w">2017-10-09</subfield>
   <subfield code="y">BK</subfield>
  </datafield>
  <datafield tag="952" ind1=" " ind2=" ">
   <subfield code="0">0</subfield>
   <subfield code="1">0</subfield>
   <subfield code="2">ddc</subfield>
   <subfield code="4">0</subfield>
   <subfield code="6">616_075480000000000_PH557</subfield>
   <subfield code="7">0</subfield>
   <subfield code="9">642</subfield>
   <subfield code="a">000001</subfield>
   <subfield code="b">000001</subfield>
   <subfield code="d">2017-10-09</subfield>
   <subfield code="o">616.07548  Ph557</subfield>
   <subfield code="p">MD.00440</subfield>
   <subfield code="r">2017-10-09</subfield>
   <subfield code="v">50000.00</subfield>
   <subfield code="w">2017-10-09</subfield>
   <subfield code="y">BK</subfield>
  </datafield>
  <datafield tag="952" ind1=" " ind2=" ">
   <subfield code="0">0</subfield>
   <subfield code="1">0</subfield>
   <subfield code="2">ddc</subfield>
   <subfield code="4">0</subfield>
   <subfield code="6">616_075480000000000_PH557</subfield>
   <subfield code="7">0</subfield>
   <subfield code="9">643</subfield>
   <subfield code="a">000001</subfield>
   <subfield code="b">000001</subfield>
   <subfield code="d">2017-10-09</subfield>
   <subfield code="o">616.07548  Ph557</subfield>
   <subfield code="p">MD.00441</subfield>
   <subfield code="r">2017-10-09</subfield>
   <subfield code="v">50000.00</subfield>
   <subfield code="w">2017-10-09</subfield>
   <subfield code="y">BK</subfield>
  </datafield>
  <datafield tag="952" ind1=" " ind2=" ">
   <subfield code="0">0</subfield>
   <subfield code="1">0</subfield>
   <subfield code="2">ddc</subfield>
   <subfield code="4">0</subfield>
   <subfield code="6">616_075480000000000_PH557</subfield>
   <subfield code="7">0</subfield>
   <subfield code="9">644</subfield>
   <subfield code="a">000001</subfield>
   <subfield code="b">000001</subfield>
   <subfield code="d">2017-10-09</subfield>
   <subfield code="o">616.07548  Ph557</subfield>
   <subfield code="p">MD.00442</subfield>
   <subfield code="r">2017-10-09</subfield>
   <subfield code="v">50000.00</subfield>
   <subfield code="w">2017-10-09</subfield>
   <subfield code="y">BK</subfield>
  </datafield>
  <datafield tag="980" ind1=" " ind2=" ">
   <subfield code="a">Thư viện Trường Đại học Nam Cần Thơ</subfield>
  </datafield>
 </record>
</collection>
